Inocencio Urbina (Record no. 142289)

MARC details
000 -LEADER
campo de control de longitud fija 00434nam a2200145 i 4500
001 - NÚMERO DE CONTROL
campo de control 142289
003 - IDENTIFICADOR DE NÚMERO DE CONTROL
campo de control ES-MaACL
007 - CAMPO FIJO DE DESCRIPCIÓN FÍSICA--INFORMACIÓN GENERAL
campo de control de longitud fija t|
008 - DATOS DE LONGITUD FIJA--INFORMACIÓN GENERAL
campo de control de longitud fija 071004s1982 sp ||||1| spa d
100 1# - ENTRADA PRINCIPAL--NOMBRE DE PERSONA
Nombre de persona Villa Pastur, Jesús.
9 (RLIN) 114889
245 10 - MENCIÓN DEL TÍTULO
Título Inocencio Urbina
Resto del título : ensayo crítico-biográfico /
Mención de responsabilidad, etc. Por J. Villa Pastur.
260 ## - PUBLICACIÓN, DISTRIBUCIÓN, ETC.
Lugar de publicación, distribución, etc. Mieres :
Nombre del editor, distribuidor, etc. Grupo Iris,
Fecha de publicación, distribución, etc. 1982.
300 ## - DESCRIPCIÓN FÍSICA
Extensión 110 p. :
Otras características físicas il. ;
Dimensiones 24 cm.
852 ## - LOCALIZACIÓN
Ubicación ES-MaACL
Número de control de estantería L-4789
Sublocalización o colección R.105057
Holdings
Estatus retirado Estado de pérdida Estado de daño No para préstamo Biblioteca de origen Biblioteca actual Ubicación en estantería Fecha de adquisición Fuente de adquisición Total de préstamos Signatura topográfica completa Código de barras Visto por última vez Precio de reemplazo Tipo de ítem Koha
        Biblioteca del Ateneo de Madrid Biblioteca del Ateneo de Madrid Depósito 2 17/01/2008     L-4789 1148052 23/02/2023 23/02/2023 Libro impreso